Подробности
| 000 -МАРКЕР |
| контрольное поле |
02345nam2a22003131 4500 |
| 001 - ИДЕНТИФИКАТОР ЗАПИСИ |
| контрольное поле |
RU\NLR\19V\934397 |
| 005 - ИДЕНТИФИКАТОР ВЕРСИИ |
| контрольное поле |
20260406064356.0 |
| 035 ## - ДРУГИЕ СИСТЕМНЫЕ НОМЕРА |
| Идентификатор записи |
(NLR Aleph) 005289508 |
| 100 ## - ДАННЫЕ ОБЩЕЙ ОБРАБОТКИ |
| Данные общей обработки |
20130419d1899 |||y0rusy50 ca |
| 101 1# - ЯЗЫК РЕСУРСА |
| Язык текста, звукозаписи и т.д. |
русский |
| Язык оригинала |
греческий (древнегр.) |
| 102 ## - СТРАНА ПУБЛИКАЦИИ ИЛИ ПРОИЗВОДСТВА |
| Страна публикации |
российская федерация |
| 105 ## - ПОЛЕ КОДИРОВАННЫХ ДАННЫХ: ТЕКСТОВЫЕ МАТЕРИАЛЫ, МОНОГРАФИЧЕСКИЕ |
| Кодированные данные о монографическом текстовом документе |
a z ||1|b |
| 200 1# - ЗАГЛАВИЕ И СВЕДЕНИЯ ОБ ОТВЕТСТВЕННОСТИ |
| Основное заглавие |
Житие и подвизание иже во святых отца нашего Порфирия епископа Газского |
| Сведения, относящиеся к заглавию |
родился около 393 г., скончался в 421 г. |
| -- |
память 26 февраля |
| -- |
[перевод с греческого И. Помяловского из Трудов Королевской академии наук в Берлине за 1874 г. |
| Первые сведения об ответственности |
Марк, дьякон] |
| 210 ## - ПУБЛИКАЦИЯ, РАСПРОСТРАНЕНИЕ И ДР. |
| Дата издания, распространения и т.д. |
1899 |
| Место издания, распространения и т.д. |
Б. м. |
| 215 ## - ФИЗИЧЕСКАЯ ХАРАКТЕРИСТИКА |
| Специфическое обозначение материала и объем |
78 с., 1 л. ил. |
| Размеры |
18 |
| 300 ## - ОБЩИЕ ПРИМЕЧАНИЯ |
| Текст примечания |
Авт. указан в предисл. переводчика |
| 320 ## - ПРИМЕЧАНИЯ О НАЛИЧИИ В ДОКУМЕНТЕ БИБЛИОГРАФИИ / УКАЗАТЕЛЯ |
| Текст примечания |
Указатель собственных имен: с. 75-77 |
| 461 #0 - УРОВЕНЬ НАБОРА |
| Встроенное поле |
001rc\1979747 |
| -- |
2001#$aПалестинский патерик$e[жития Палестинских святых]$vВып. 5 |
| Системный номер (АБИС) связанной записи |
6157463 |
| Место публикации |
С.-Петербург |
| Дата публикации |
1898-1908 |
| Издание |
2-е изд. |
| Имя издателя, распространителя и т.д. |
[издание] Императорского Православного Палестинского общества |
| Сведения, относящиеся к заглавию |
[жития Палестинских святых] |
| Заглавие |
Палестинский патерик |
| Номер тома |
Вып. 5 |
| 488 #0 - ДРУГИЕ ВЗАИМОСВЯЗАННЫЕ ПРОИЗВЕДЕНИЯ (ДОКУМЕНТЫ) |
| Встроенное поле |
2001#$aAbhandlungen der k. Akademie der Wissenschaften in Berlin...debst der Geschichte der Akad. in diesem Zeitraum$v1874 г. |
| -- |
5411#$aТруды Королевской академии наук в Берлине$zrus |
| -- |
71002$3RU\NLR\AUTH\8810972$7ba$aPreussische Akademie der Wissenschaften$cBerlin |
| Заглавие |
Abhandlungen der k. Akademie der Wissenschaften in Berlin...debst der Geschichte der Akad. in diesem Zeitraum |
| Автор |
Preussische Akademie der Wissenschaften (Berlin) |
| 700 #0 - ИМЯ ЛИЦА - ПЕРВИЧНАЯ ОТВЕТСТВЕННОСТЬ |
| Начальный элемент ввода |
Марк |
| Дополнения к именам, кроме дат |
дьякон |
| Даты |
V в. |
| 702 #1 - ИМЯ ЛИЦА - ВТОРИЧНАЯ ОТВЕТСТВЕННОСТЬ |
| Код отношения |
Переводчик |
| Материалы, к которым относится поле |
rus |
| Графика поля |
Кириллица |
| Начальный элемент ввода |
Помяловский |
| Часть имени, кроме начального элемента ввода |
И. В. |
| Даты |
1845-1906 |
| Расширение инициалов личного имени |
Иван Васильевич |
| Идентификатор авторитетной/нормативной записи |
RU\NLR\AUTH\7753352 |
| Системный номер авторитетной/нормативной записи |
36284 |
| 702 #0 - ИМЯ ЛИЦА - ВТОРИЧНАЯ ОТВЕТСТВЕННОСТЬ |
| Код отношения |
Прочие |
| Материалы, к которым относится поле |
rus |
| Графика поля |
Кириллица |
| Начальный элемент ввода |
Порфирий |
| Дополнения к именам, кроме дат |
епископ Газский |
| Даты |
-421 |
| Идентификатор авторитетной/нормативной записи |
RU\NLR\AUTH\7714206 |
| Системный номер авторитетной/нормативной записи |
123879 |
| 801 #0 - ИСТОЧНИК ЗАПИСИ |
| Страна |
российская федерация |
| Организация |
NLR |
| Дата составления |
20130419 |
| Правила каталогизации |
psbo |
| 801 #1 - ИСТОЧНИК ЗАПИСИ |
| Страна |
российская федерация |
| Организация |
NLR |
| Дата составления |
20130419 |
| Источник данных |
rusmarc |
| 801 #2 - ИСТОЧНИК ЗАПИСИ |
| Страна |
российская федерация |
| Организация |
NLR |
| Дата составления |
20130419 |
| Источник данных |
rusmarc |
| 852 ## - МЕСТОНАХОЖДЕНИЕ И ШИФР ХРАНЕНИЯ |
| Идентификатор организации |
NLR |
| Шифр хранения (Call Number) |
20.98.5.375 (5) |
| 942 ## - ДОПОЛНИТЕЛЬНЫЕ ЭЛЕМЕНТЫ ЗАПИСИ (АБИС) |
| Тип экземпляра АБИС |
Книга |
| 980 ## - КОЛЛЕКЦИЯ |
| Название коллекции |
Национальная библиография |